000 00443nam a2200181Ia 4500
005 20240823012125.0
008 240823s9999||||xx |||||||||||||| ||und||
041 _aENGLISH
082 _A621.3822 P1
100 _a"Lyons,Richard G"
245 0 _aUnderstanding Digital Signal Processing
250 _a1st
260 _c2001
_b"Pearson,Singapore"
500 _aYES
650 _aElectronics
_bElectronics
942 _cBK
999 _c163497
_d163497